[Event "Santo Antonio de Jesus Bahia op"]
[Site "Santo Antonio de Jesus"]
[Date "2022.07.09"]
[Round "4"]
[White "Neves, Cristiano Libarino"]
[Black "Ribeiro, Daniel Malta"]
[Result "1/2-1/2"]
[WhiteElo "1994"]
[BlackElo "1775"]
[PlyCount "48"]
[EventDate "2022.07.07"]
[EventType "swiss"]
[EventRounds "6"]
[EventCountry "BRA"]
[SourceTitle "CBM 209 Extra"]
[Source "ChessBase"]
[SourceDate "2022.09.30"]
[SourceVersion "1"]
[SourceVersionDate "2022.09.30"]
[SourceQuality "1"]

1. e4 c5 2. Nf3 d6 3. d4 cxd4 4. Nxd4 Nf6 5. f3 e5 6. Nb3 Be6 7. c4 Nbd7 8. Nc3 Be7 9. Be3 Rc8 10. Nd5 Bxd5 11. cxd5 0-0 12. Be2 Nh5 13. 0-0 Bg5 14. Qd2 Bxe3+ 15. Qxe3 Rc2 16. Rab1 Nf4 17. Rf2 Qg5 18. Kh1 f5 19. exf5 Nb6 20. Na5 Rfc8 21. g3 Qxf5 22. gxf4 Rxe2 23. Rxe2 Qxb1+ 24. Re1 Qxa2 1/2-1/2

[Event "Santo Antonio de Jesus Bahia op"]
[Site "Santo Antonio de Jesus"]
[Date "2022.07.08"]
[Round "2"]
[White "Rodi, Luis Ernesto"]
[Black "Ribeiro, Daniel Malta"]
[Result "1-0"]
[WhiteElo "2330"]
[BlackElo "1775"]
[PlyCount "129"]
[EventDate "2022.07.07"]
[EventType "swiss"]
[EventRounds "6"]
[EventCountry "BRA"]
[SourceTitle "CBM 209 Extra"]
[Source "ChessBase"]
[SourceDate "2022.09.30"]
[SourceVersion "1"]
[SourceVersionDate "2022.09.30"]
[SourceQuality "1"]

1. d4 Nf6 2. Bg5 g6 3. Bxf6 exf6 4. e3 Bg7 5. c4 0-0 6. Nc3 f5 7. g3 d6 8. Bg2 Nc6 9. Nge2 Re8 10. 0-0 Bd7 11. Nd5 Ne7 12. Ndf4 Rb8 13. b4 Bc6 14. Bxc6 bxc6 15. Rb1 Qd7 16. Qa4 Rb7 17. Rfd1 Reb8 18. a3 Qc8 19. Nc3 g5 20. Nfe2 Qe6 21. Qc2 Qxc4 22. Rbc1 Qe6 23. Qd3 h6 24. d5 cxd5 25. Nxd5 Nxd5 26. Qxd5 Qxd5 27. Rxd5 Bb2 28. Rb1 Bxa3 29. b5 c6 30. Rxf5 Rxb5 31. Rfxb5 Rxb5 32. Ra1 Bc5 33. Nc3 Rb4 34. Kf1 Kg7 35. Ra2 f5 36. Ke2 Rb3 37. Rc2 Ba3 38. Nd1 Bc5 39. Rc4 Kf6 40. Kd2 Ke6 41. Kc2 Rb4 42. Rc3 h5 43. Nb2 h4 44. Nd3 hxg3 45. hxg3 Rb5 46. Rc4 a5 47. g4 fxg4 48. Rxg4 Kf5 49. Rc4 Kf6 50. e4 Ke6 51. f3 Rb7 52. Rxc5 Rf7 53. Rxa5 Rxf3 54. Rxg5 Re3 55. Rg6+ Ke7 56. Rg4 d5 57. e5 c5 58. Kd2 d4 59. Rg7+ Ke6 60. Rc7 Rh3 61. Rxc5 Rh2+ 62. Kd1 Ra2 63. Nb4 Ra3 64. Kd2 Rb3 65. Nc6 1-0

[Event "Bahia zt"]
[Site "Ilheus"]
[Date "2019.04.22"]
[Round "5"]
[White "Fernandes, Mauricio Santos"]
[Black "Ribeiro, Daniel Malta"]
[Result "0-1"]
[WhiteElo "1935"]
[BlackElo "1785"]
[PlyCount "106"]
[EventDate "2019.04.19"]
[EventType "swiss"]
[EventRounds "6"]
[EventCountry "BRA"]
[SourceTitle "CBM 190 Extra"]
[Source "ChessBase"]
[SourceDate "2019.07.15"]
[SourceVersion "1"]
[SourceVersionDate "2019.07.15"]
[SourceQuality "1"]

1. e4 e5 2. Nf3 Nf6 3. Nxe5 d6 4. Nf3 Nxe4 5. d4 d5 6. Bd3 Bd6 7. 0-0 0-0 8. Nbd2 Bf5 9. Re1 Re8 10. Nf1 Nd7 11. Ng5 Qf6 12. Nf3 Bg4 13. Be2 Nb6 14. Ne3 Bh5 15. a4 a5 16. c3 c6 17. Rf1 Bc7 18. g3 Nd6 19. Ne5 Bxe2 20. Qxe2 Ndc4 21. N5xc4 Nxc4 22. Qd3 Nd6 23. Ng2 Re7 24. h4 h6 25. Bd2 Rae8 26. Rfe1 Ne4 27. Bf4 Bxf4 28. Nxf4 g5 29. hxg5 hxg5 30. Nh3 Nxf2 31. Rxe7 Nxh3+ 32. Kg2 Qf2+ 33. Kxh3 Rxe7 34. Rf1 Qe2 35. Qf5 Qe6 36. Kg4 Qxf5+ 37. Kxf5 Re6 38. Kxg5 Kg7 39. Rf2 Rg6+ 40. Kh4 Rh6+ 41. Kg4 Rg6+ 42. Kh3 Rh6+ 43. Kg2 Re6 44. g4 Kg6 45. Kg3 Re3+ 46. Kf4 Re4+ 47. Kf3 Kg5 48. c4 Rf4+ 49. Ke3 Rxf2 50. Kxf2 Kxg4 51. b3 Kf4 52. Ke2 Ke4 53. cxd5 cxd5 0-1

[Event "Salvador Bahia-ch"]
[Site "Salvador"]
[Date "2017.12.16"]
[Round "2"]
[White "Tanaca, Clovis Nobuyuqui"]
[Black "Ribeiro, Daniel Malta"]
[Result "0-1"]
[WhiteElo "1789"]
[BlackElo "1827"]
[PlyCount "100"]
[EventDate "2017.12.15"]
[EventType "swiss"]
[EventRounds "5"]
[EventCountry "BRA"]
[SourceTitle "CBM 182 Extra"]
[Source "ChessBase"]
[SourceDate "2018.02.23"]
[SourceVersion "1"]
[SourceVersionDate "2018.02.23"]
[SourceQuality "1"]

1. d4 e6 2. c4 Nf6 3. Nc3 d5 4. Nf3 c6 5. cxd5 exd5 6. Bg5 Be7 7. e3 0-0 8. Bd3 Re8 9. 0-0 Nbd7 10. Bf4 h6 11. a3 Nh5 12. Ne2 Nxf4 13. Nxf4 Bd6 14. Ne2 Nf6 15. h3 Ne4 16. Qc2 Qf6 17. Nd2 Nxd2 18. Qxd2 Qh4 19. f4 Bd7 20. Rf3 Qd8 21. Qe1 Qb6 22. b4 a5 23. bxa5 Qxa5 24. Qxa5 Rxa5 25. a4 b5 26. Bc2 Rb8 27. Rff1 Rba8 28. Nc3 R5a7 29. f5 Bb4 30. Na2 Bd2 31. Kf2 Re8 32. axb5 Bxe3+ 33. Kg3 Bxd4 34. bxc6 Bxa1 35. cxd7 Be5+ 36. Kf3 Rd8 37. Nb4 Ra3+ 38. Ke2 Rxd7 39. Rd1 d4 40. Nc6 Rc7 41. Be4 Re3+ 42. Kf2 Rxe4 43. Nxe5 Rxe5 44. Rxd4 Rxf5+ 45. Kg3 Rc3+ 46. Kh2 Rc2 47. Rd8+ Kh7 48. Rd3 Rg5 49. Rg3 Rxg3 50. Kxg3 Kg6 0-1